Primeres aproximacions a una nova cultura educativa : juny 2007 juny 2007
Descripción Física:
88 p. ; 24 cm
Materias:
Antropologia educativa
MARC
| LEADER | 00000nam a2200000Ia 4500 | ||
|---|---|---|---|
| 001 | 24315 | ||
| 008 | 160829s2007 xx 000 0 cat d | ||
| 080 | |a Bib-227 | ||
| 110 | 2 | |a Federació de Moviments de Renovació Pedagògica de Catalunya (FMRPC) |9 54221 | |
| 245 | |a Primeres aproximacions a una nova cultura educativa : |b juny 2007 | ||
| 260 | |a [Barcelona] : |b Federació de Moviments de Renovació Pedagògica de Catalunya, |c 2007 | ||
| 300 | |a 88 p. ; |c 24 cm | ||
| 590 | |a En la contracoberta: Diputació de Barcelona | ||
| 650 | |a Antropologia educativa |9 50307 | ||
| 710 | 1 | |a Barcelona (Catalunya : Província). |b Diputació |9 52408 | |
| 901 | |a Arxiu | ||
| 942 | |n 1 | ||
| 952 | |0 0 |1 0 |4 0 |6 BIB227 |7 1 |9 55947 |a Arxiu |b Arxiu |d 2016-12-01 |l 0 |o Bib-227 |p 24315 |r 2016-12-01 00:00:00 |w 2016-12-01 |y ARXIU | ||
| 999 | |c 59820 |d 59820 | ||